|
|
|
|
| LEADER |
00000nbm0a2200000 4500 |
| 001 |
143881 |
| 005 |
20231031143419.0 |
| 035 |
|
|
|a (RuTPU)RU\TPU\book\155940
|
| 090 |
|
|
|a 143881
|
| 100 |
|
|
|a 20080925d1966 k y0rusy50 ca
|
| 101 |
0 |
|
|a rus
|
| 102 |
|
|
|a RU
|
| 105 |
|
|
|a a m 001zy
|
| 200 |
1 |
|
|a Наледи как неблагопрятное физико-геологическое явление и борьба с ними при железнодорожном строительстве
|e Диссертация на соискание ученой степени кандидата геолого-минералогических наук
|e Спец.
|
| 210 |
|
|
|a Томск
|c [Б. и.]
|
| 215 |
|
|
|a л.
|c ил.
|
| 300 |
|
|
|
| 320 |
|
|
|a Библиогр.: с. (назв.)
|
| 801 |
|
1 |
|a RU
|b 63413507
|c 20080925
|g PSBO
|
| 942 |
|
|
|c BK
|